000 02800cam a2200397 a 4500
001 118554
005 20230410105436.0
008 121026s2012 nyua b 001 0 eng d
035 _a17509635
010 _a 2012855081
020 _a9780307986146 (hbk.)
020 _a0307986144 (hbk.)
035 _a(OCoLC)ocn798576310
040 _aIEP
_cIEP
_dIEP
_dCXP
_dON8
_dYDXCP
_dBWX
_dCZA
_dCDX
_dDLC
042 _alccopycat
043 _an-us---
050 1 4 _aHC 106.84
_bF773 2012
082 0 4 _a330.973
_223
245 0 4 _aThe 4% solution :
_bunleashing the economic growth America needs /
_cforeword by George W. Bush ; introduction by James K. Glassman ; edited by Brendan Miniter.
246 3 _aFour percent solution
250 _a1st ed.
260 _aNew York :
_bCrown Business,
_cc2012.
300 _axxvi, 340 p. :
_bill. ;
_c25 cm.
504 _aIncludes bibliographical references (p. [301]-325) and index.
505 0 0 _tWhy we grow /
_rBrendan Miniter --
_tIncentives /
_rW. Michael Cox and Richard Alm --
_tThe history and future of economic growth /
_rRobert E. Lucas, Jr. --
_tMore time on the job /
_rEdward C. Prescott --
_tAt home in the great recession /
_rSteven Gjerstad and Vernon L. Smith --
_tSpending, taxes, and certainty : a road map to 4% /
_rKevin Hassett --
_tSound money, sound policy /
_rDavid Malpass --
_tNot all growth is good /
_rMyron Scholes --
_tEntrepreneurs and creative destruction /
_rPeter G. Klein --
_tBaseball's answer to growth /
_rRobert Litan --
_tThe role of intangibles /
_rNick Schulz --
_tThe virtuous cycle/
_rMaria Minniti --
_tGrowth needs trade /
_rCarlos Gutierrez --
_tMarket-friendly energy /
_rSteven F. Hayward and Kenneth P. Green --
_tSocial Security reform and economic growth /
_rCharles Blahous and Jason J. Fichtner --
_tEducation quality and economic growth /
_rEric A. Hanushek --
_tWhen illegals stop crossing the border /
_rGary S. Becker --
_tImmigration and growth /
_rPia M. Orrenius and Madeline Zavodny --
_tHow technology can lead a boom /
_rFloys Kvamme --
_tGrowth lessons from Calvin Coolidge /
_rAmity Shlaes --
_tThe moral imperative of a free economy /
_rMichael Novak.
520 _aCiting formidable statistics in unemployment and mortgage deficits, the policy research arm of the Bush Presidential Center and Library outlines a blueprint for restoring America's economic health that calls for the establishment of a GDP growth rate of four percent.
651 0 _aUnited States
_xEconomic policy
_y2009-
651 0 _aUnited States
_xEconomic conditions
_y2009-
651 4 _aEstados Unidos
_xPolítica económica
_y2009-
651 4 _aEstados Unidos
_xCondiciones económicas
_y2009-
700 1 _aBush, George W.
_q(George Walker),
_d1946-
700 1 _aGlassman, James K.
700 1 _aMiniter, Brendan.
942 _2lcc
_cbk
946 _aYSL
999 _c36785
_d36785